000 00972nam0a22002531 4500
001 v19\rc\2016079
005 20250620003129.0
035 _a(NLR Aleph) 005097018
090 _a7354486
_c7354486
100 _a20080925d1903 |||y0rusy50 ca
101 0 _arus
102 _aRU
105 _ay z ||||b
200 1 _aБиография участника Севастопольской обороны П.В. Жадовского
210 _a[Санкт-Петербург]
_cтип. А.С. Суворина
_dценз. 1903
215 _a4 с.
_d23
309 _aБез тит. л. и обл.
532 1 0 _aБиография участника Севастопольской обороны Павла Валерьяновича Жадовского
702 1 _aЖадовский
_bП.В.
_f1825-1891
_gПавел Валерьянович
_4570
801 0 _aRU
_bNLR
_gpsbo
801 1 _aRU
_bProSoft-M
_2rusmarc
852 _aNLR
_j34.82.6.489
942 _cBOOK
980 _aNB